Freedom and destiny: (Record no. 52432)
[ view plain ]
| 000 -LEADER | |
|---|---|
| fixed length control field | 02102nam a22003377a 4500 |
| 005 - DATE AND TIME OF LATEST TRANSACTION | |
| control field | 20110513120919.0 |
| 008 - FIXED-LENGTH DATA ELEMENTS--GENERAL INFORMATION | |
| fixed length control field | 110513t xxu||||| |||| 00| 0 eng d |
| 010 ## - LCCN (DPL NO) | |
| LC control number | B-430592 B-442799-802 |
| 020 ## - INTERNATIONAL STANDARD BOOK NUMBER | |
| International Standard Book Number | 0195679911 |
| Terms of availability | 695.00(Hb) |
| 020 ## - INTERNATIONAL STANDARD BOOK NUMBER | |
| International Standard Book Number | 9780195679915 |
| Terms of availability | 695.00(Hb) |
| 020 ## - INTERNATIONAL STANDARD BOOK NUMBER | |
| International Standard Book Number | 9780198060833 |
| Terms of availability | 395.00(pbk) |
| 020 ## - INTERNATIONAL STANDARD BOOK NUMBER | |
| International Standard Book Number | 0198060831 |
| Terms of availability | 395.00 (pbk) |
| 035 ## - SYSTEM CONTROL NUMBER | |
| System control number | B-430592 B-442799-802 |
| 037 ## - SOURCE OF ACQUISITION | |
| Source of stock number/acquisition | RBC / Ven |
| 040 ## - CATALOGING SOURCE | |
| Original cataloging agency | dpl |
| Language of cataloging | English |
| 082 ## - DEWEY DECIMAL CLASSIFICATION NUMBER | |
| Classification number | 305.42 |
| 100 ## - MAIN ENTRY--PERSONAL NAME | |
| Personal name | Uberoi, Patricia |
| 9 (RLIN) | 28084 |
| 245 ## - TITLE STATEMENT | |
| Title | Freedom and destiny: |
| Statement of responsibility, etc | by Patricia Uberoi |
| Remainder of title | gender, family, and popular culture in India / |
| 260 ## - PUBLICATION, DISTRIBUTION, ETC. (IMPRINT) | |
| Place of publication, distribution, etc | New Delhi |
| Name of publisher, distributor, etc | Oxford University Press |
| Date of publication, distribution, etc | 2006 |
| 270 ## - ADDRESS | |
| Address | YMCA Library Building, Jai Singh Road, |
| City | New Delhi |
| Postal code | 110001 |
| 300 ## - PHYSICAL DESCRIPTION | |
| Extent | xix, 309p. |
| Dimensions | 23cm(hb) |
| 500 ## - GENERAL NOTE | |
| General note | Includes references and index |
| 942 ## - ADDED ENTRY ELEMENTS (KOHA) | |
| Source of classification or shelving scheme | Dewey Decimal Classification |
| Item type | English Books |
| Call number suffix | UBE |
| Classification part | 305.42 |
| Withdrawn status | Lost status | Source of classification or shelving scheme | Materials specified (bound volume or other part) | Damaged status | Not for loan | Collection code | Home library | Current library | Date acquired | Source of acquisition | Cost, normal purchase price | Total Checkouts | Full call number | Barcode | Date last seen | Copy number | Cost, replacement price | Koha item type | Total Renewals |
|---|---|---|---|---|---|---|---|---|---|---|---|---|---|---|---|---|---|---|---|
| Dewey Decimal Classification | Hb edn. | Non-fiction | Central Library | Central Library | 27/05/2011 | RBC-22612/2010-11/26-03-11/76/04-03-11/31-03-11 | 695.00 | 305.42 UBE | B-430592 | 27/05/2011 | 1 | 695.00 | English Books | ||||||
| Dewey Decimal Classification | pbk edn. | Non-fiction | Karol Bagh | Karol Bagh | 06/09/2011 | RBC-25814/2011-12/12.7.11/76/4.3.11/18.7.11 | 395.00 | 305.42 UBE | B-442801 | 06/09/2011 | 1 | 395.00 | English Books | ||||||
| Dewey Decimal Classification | pbk edn. | Non-fiction | Patel Nagar | Patel Nagar | 06/09/2011 | RBC-25814/2011-12/12.7.11/76/4.3.11/18.7.11 | 395.00 | 305.42 UBE | B-442799 | 06/09/2011 | 1 | 395.00 | English Books | ||||||
| Dewey Decimal Classification | pbk edn. | Non-fiction | Sarojini Nagar | Sarojini Nagar | 06/09/2011 | RBC-25814/2011-12/12.7.11/76/4.3.11/18.7.11 | 395.00 | 1 | 305.42 UBE | B-442800 | 28/05/2020 | 1 | 395.00 | English Books | 1 | ||||
| Dewey Decimal Classification | pbk edn. | Non-fiction | Shahdara Branch | Shahdara Branch | 06/09/2011 | RBC-25814/2011-12/12.7.11/76/4.3.11/18.7.11 | 395.00 | 305.42 UBE | B-442802 | 06/09/2011 | 1 | 395.00 | English Books |
